Statistiques concernant Pays avec sept lettres (sprint carte d'une minute)

Cliquez ici pour prendre le quiz!

Statistiques générales

  • Ce quiz a été pris 142 fois
  • Le résultat moyen est 170 sur 196

Réponses sur la Carte

Les réponses sont colorées sur une échelle allant du rouge au vert en fonction du pourcentage des utilisateurs qui les ont devinées à leur premier essai. Vous pouvez retrouver ces pourcentages ci-dessous.
 

Statistiques - réponses

Country% Correct
x
100%
Algérie
84%
Bolivie
81%
Mexique
79%
Espagne
75%
Pologne
70%
Namibie
66%
Nigeria
64%
Ukraine
64%
Turquie
51%
Ouganda
46%
Bhoutan
45%
Uruguay
43%
Sénégal
42%
Hongrie
39%
Norvège
36%
Tunisie
29%
Croatie
27%
Irlande
25%
Islande
24%
Lesotho
20%
Géorgie
19%
Arménie
18%
Estonie
16%
Somalie
13%
Burundi
12%
Pays-Bas
12%
Viêt Nam
11%
Liberia
10%
Albanie
9%
Andorre
7%
Bahamas
7%
Comores
7%
Grenade
7%
Vanuatu
7%
Vatican
7%
Barbade
6%
Salomon
6%
Bahreïn
5%

Distribution des résultats

Percentile par nombre de réponses

% des personnes avec chaque résultat

Votre développement - résultats

Vous n’avez pas pris ce quiz